Mozambique in the twentieth century : from colonialism to independence /

Bibliographic Details
Main Author: Serapiao, Luis B.
Other Authors: El-Khawas, Mohamed A.
Format: Book
Language:English
Published: Washington, D.C. : University Press of America, [1979]
Subjects:

MARC

Tag First Indicator Second Indicator Subfields
LEADER 00000cam a2200000 a 4500
001 in00000086430
005 20151008064509.0
008 801001s1979 dcub b 00010 engm
010 |a  79064964  
020 |a 0819105023 (pbk.) 
035 |a (OCoLC)05284315 
035 |9 AAK4287AM 
040 |a DLC  |c DLC  |d m.c.  |d TXA  |d UtOrBLW 
043 |a f-mz--- 
049 |a TXAM  |c [1804979] 
050 0 0 |a DT463  |b .S47 
082 0 |a 967/.903  |2 19 
100 1 |a Serapiao, Luis B. 
245 1 0 |a Mozambique in the twentieth century :  |b from colonialism to independence /  |c Luis B. Serapiao, Mohamed A. El-Khawas. 
264 1 |a Washington, D.C. :  |b University Press of America,  |c [1979] 
264 4 |c ©1979 
300 |a xvi, 353 pages :  |b map ;  |c 23 cm. 
336 |a text  |b txt  |2 rdacontent 
337 |a unmediated  |b n  |2 rdamedia 
338 |a volume  |b nc  |2 rdacarrier 
504 |a Includes bibliographical references. 
651 0 |a Mozambique  |x Politics and government  |y To 1975. 
651 0 |a Mozambique  |x Politics and government  |y 1975-1994. 
700 1 |a El-Khawas, Mohamed A. 
999 |a MARS 
999 f f |s 7010e8d0-d4ba-324c-983a-d91be40a2ec9  |i 0a4371c1-953f-322c-b37e-9a8fa21dd07e  |t 0 
952 f f |p ric  |a Texas A&M University  |b Rellis Campus  |c Joint Library Facility  |d Remote Storage  |t 0  |e DT463 .S47  |h Library of Congress classification  |i unmediated -- volume  |m A14806103308 
998 f f |a DT463 .S47  |t 0  |l Remote Storage